Poesía y fotografía
Sábháilte in:
| Príomhchruthaitheoir: | |
|---|---|
| Formáid: | Anaithnid |
| Teanga: | Béarla |
| Foilsithe / Cruthaithe: |
Santander, España.
Asociación Shangrila Textos Aparte,
2020
|
| Ábhair: | |
| Clibeanna: |
Cuir clib leis
Níl clibeanna ann, Bí ar an gcéad duine le clib a chur leis an taifead seo!
|
MARC
| LEADER | 00000 a2200000 4500 | ||
|---|---|---|---|
| 003 | CL-VaPUC | ||
| 005 | 20211005125806.0 | ||
| 008 | 210827b2020 ||||| |||| 00| 0 eng d | ||
| 999 | |c 433429 |d 433427 | ||
| 020 | |a 9788412077599 | ||
| 040 | |c Pontificia Universidad Católica de Valparaíso | ||
| 082 | |a 844.814 BON 2020 | ||
| 100 | |a Bonnefoy, Yves |9 862541 |e autor | ||
| 245 | 1 | |a Poesía y fotografía | |
| 260 | |a Santander, España. |b Asociación Shangrila Textos Aparte, |c 2020 | ||
| 300 | |a 88 páginas | ||
| 583 | |k Cristina Rojas |c 20210827 | ||
| 650 | |a Literatura y fotografía |9 862975 | ||
| 650 | 0 | |a Poesía |9 265825 | |
| 650 | 0 | |a Fotografía |9 268495 | |
| 942 | |2 ddc |c BK | ||
| 952 | |0 0 |1 0 |2 ddc |4 0 |6 844_814000000000000_BON_2020 |7 0 |8 A |9 578775 |a BIBART |b BIBART |d 2021-08-30 |e 135 |g 18000.00 |i 5588197 |o 844.814 BON 2020 |p 5588197 |r 2025-03-13 |t 1 |v 18000.00 |w 2021-08-30 |y BK |k ART | ||